000 00426nam a2200145Ia 4500
008 220214s9999 xx 000 0 und d
022 _a0010-3624
245 0 _aCOMMUNICATIONS IN SOIL SCIENCE AND PLANT ANALYSIS
260 _bMarcel Dekker, New York
_aUSA
310 _a20
500 _aEnding Volume & Year: 31, 2000
500 _aMissing Volume: 13(12);14(9-12)
500 _aStarting Volume & Year: 9, 1978
942 _cBJ
999 _c15147
_d15147